000 00281nam a22001217a 4500
008 170504b xxu||||| |||| 00| 0 eng d
041 _aeng
080 _a342
100 _a14
101 _aSHJ
245 _aU.S CODE CONGRESSIONAL AND ADMINISTRATIVE NEWS
_cSTATE
942 _2udc
_cBK
999 _c12649
_d12649